<?xml version="1.0" encoding="UTF-8"?>
<record
    xmlns:xsi="http://www.w3.org/2001/XMLSchema-instance"
    xsi:schemaLocation="http://www.loc.gov/MARC21/slim http://www.loc.gov/standards/marcxml/schema/MARC21slim.xsd"
    xmlns="http://www.loc.gov/MARC21/slim">

  <leader>00853nam a22002292  4500</leader>
  <controlfield tag="001">0000025329</controlfield>
  <controlfield tag="005">20151021153304.0</controlfield>
  <controlfield tag="008">150626s         xx           000 0 eng d</controlfield>
  <datafield tag="040" ind1=" " ind2=" ">
    <subfield code="a">KABU</subfield>
    <subfield code="c">KABU</subfield>
  </datafield>
  <datafield tag="100" ind1="1" ind2=" ">
    <subfield code="a">Sulungai, Gloria Nafula.</subfield>
    <subfield code="@">0000185943</subfield>
  </datafield>
  <datafield tag="245" ind1="1" ind2="2">
    <subfield code="a">A study to reduce unaccounted for water :</subfield>
    <subfield code="b">a case of Nzoia water and sanitation services company /</subfield>
    <subfield code="c">by Gloria Nafula Sulungai.</subfield>
  </datafield>
  <datafield tag="260" ind1=" " ind2=" ">
    <subfield code="a">Nakuru :</subfield>
    <subfield code="b">Kabarak University,</subfield>
    <subfield code="c">2014.</subfield>
  </datafield>
  <datafield tag="300" ind1=" " ind2=" ">
    <subfield code="a">xii, 74 p.</subfield>
  </datafield>
  <datafield tag="650" ind1=" " ind2="0">
    <subfield code="a">Water conservation</subfield>
    <subfield code="z">Kenya.</subfield>
    <subfield code="@">0000185944</subfield>
  </datafield>
  <datafield tag="650" ind1=" " ind2="0">
    <subfield code="a">Water supply</subfield>
    <subfield code="x">Government policy</subfield>
    <subfield code="z">Kenya.</subfield>
    <subfield code="@">0000185945</subfield>
  </datafield>
  <datafield tag="650" ind1=" " ind2="0">
    <subfield code="a">Water consumption</subfield>
    <subfield code="x">Measurement.</subfield>
    <subfield code="@">0000166978</subfield>
  </datafield>
  <datafield tag="700" ind1="1" ind2=" ">
    <subfield code="a">Mosoti, Zachary.</subfield>
    <subfield code="@">0000185880</subfield>
  </datafield>
  <datafield tag="700" ind1="1" ind2=" ">
    <subfield code="a">Mboga, Joash.</subfield>
    <subfield code="@">0000185946</subfield>
  </datafield>
  <datafield tag="908" ind1=" " ind2=" ">
    <subfield code="a">150626</subfield>
  </datafield>
  <datafield tag="950" ind1=" " ind2=" ">
    <subfield code="@">1</subfield>
  </datafield>
  <datafield tag="999" ind1=" " ind2=" ">
    <subfield code="c">1819</subfield>
    <subfield code="d">1819</subfield>
  </datafield>
  <datafield tag="952" ind1=" " ind2=" ">
    <subfield code="0">0</subfield>
    <subfield code="1">0</subfield>
    <subfield code="2">lcc</subfield>
    <subfield code="7">0</subfield>
    <subfield code="a">KABU</subfield>
    <subfield code="b">KABU</subfield>
    <subfield code="d">2015-10-21</subfield>
    <subfield code="l">1</subfield>
    <subfield code="o">TD313.5 .N34 2014 c. 2</subfield>
    <subfield code="p">018048</subfield>
    <subfield code="r">2021-01-29 00:00:00</subfield>
    <subfield code="s">2021-01-29</subfield>
    <subfield code="t">c. 2</subfield>
    <subfield code="w">2015-10-21</subfield>
    <subfield code="y">THE</subfield>
  </datafield>
</record>
